| 000 | 00361nam a2200133Ia 4500 | ||
|---|---|---|---|
| 008 | 190722s9999 xx 000 0 und d | ||
| 020 | _a978-0-07-811256-0 | ||
| 100 | _aJanasz, Dowd, Schneider | ||
| 245 | 0 | _aInterpersonal Skills In Organizations | |
| 250 | _a4th Ed. | ||
| 260 |
_aNew York _bThe McGraw Hill Companies Inc. _c2009 |
||
| 300 | _a474 | ||
| 942 | _cBK | ||
| 999 |
_c1059 _d1059 |
||